000 00522nam a2200181Ia 4500
999 _c7502
_d7502
008 200103s 1976 ||||xx |||||||||||||| ||und||
082 _a621.815
_bORL
100 _aOrlov, P.
245 0 _aFundamentals of machine design, Vol. 1
260 _bMir Publishers
_c1976
_aMoscow
300 _a517 p.: ill.
500 _aTranslated from the Russian by Yu. Travnichev
504 _aIncludes index
650 _aMetal content
650 _aThermal stresses and strains
650 _aContact strength
942 _cBK